Systém pre zber enviromentácnych informácií

Enregistré dans:
Détails bibliographiques
Auteur principal: Vyžinkár, Ivan (Auteur)
Autres auteurs: Balogh, Richard, 1969- (Directeur de thèse)
Format: Manuscrit Livre
Langue:slovaque
Publié: Bratislava : STU v Bratislave FEI, 2009
Sujets:
Tags: Ajouter un tag
Pas de tags, Soyez le premier à ajouter un tag!

MARC

LEADER 00000ntm a22000003a 4500
001 stu191270
005 20160719165128.6
008 091001s2004------------------------slo-d
040 |a STU  |b slo 
041 0 |a slo 
100 1 |a Vyžinkár, Ivan  |4 aut 
245 1 |a Systém pre zber enviromentácnych informácií 
260 |a Bratislava :  |b STU v Bratislave FEI,  |c 2009 
300 |a 69 s  |c príl. 
650 7 |a automatizácia  |2 stusub 
650 7 |a robotika  |2 stusub 
700 1 |a Balogh, Richard,  |d 1969-  |4 ths  |u E010  |T FEI Ústav riadenia a priemyselnej informatiky  |X 3706  |U E010  |Y E010  |7 A000003706